| 000 | 00651nam a2200229Ia 4500 | ||
|---|---|---|---|
| 001 | 15791 | ||
| 003 | GE_BSU | ||
| 008 | 181216s||||||||xx |||||||||||||| ||und|| | ||
| 040 | _cGE_BSU | ||
| 080 | _a821.353.1-11 | ||
| 100 | _aჭელიძე, ოთარ | ||
| 245 | _aამირანმთა | ||
| 245 | _bპოემა | ||
| 245 | _cრედ.მ.ქოიავა. მხატვ.ო.ჯიშკარიანი | ||
| 260 | _aთბილისი | ||
| 260 | _bმერანი | ||
| 260 | _c1970 | ||
| 300 | _a102გვ. ; 17სმ. | ||
| 653 | _aამირანმთა | ||
| 653 | _aპოემა | ||
| 942 | _cBK | ||
| 999 |
_c48888 _d48888 |
||